World War I on a Map - Statistics

General Stats
  • This quiz has been taken 362 times
  • The average score is 21 of 100
Answers on the Map
Answers color-coded by a green-red scale on the quiz's map according to % correct below.
 
Answer Stats
Answer % Correct
Sarajevo
77%
Danzig
67%
Somme River
62%
Battle of Verdun
61%
Nicholas II
60%
Trieste
59%
Ypres
55%
Peter I of Serbia
47%
Petrograd
47%
Lemberg
45%
League of Nations
44%
Paul von Hindenburg
43%
Battle of Jutland
42%
Marne River
42%
Basra
41%
Manfred von Richthofen
41%
Tsingtao
41%
Dalmatia
40%
Gavrilo Princip
40%
No Man's Land
40%
East Prussia
38%
Leon Trotsky
37%
Ferdinand I of Bulgaria
36%
Dardanelles
34%
Reims
34%
Chlorine Gas
33%
T. E. Lawrence
33%
Zeppelin
32%
The War to End All Wars
31%
Flamethrower
30%
Smyrna
30%
Machine Gun
29%
Schlieffen Plan
28%
Kingdom of Hejaz
26%
Treaty of Brest-Litovsk
26%
Battle of Tannenberg
24%
Isonzo River
24%
Ferdinand Foch
22%
Brusilov Offensive
19%
Helmuth von Moltke
19%
John J. Pershing
19%
Douglas Haig
18%
H. H. Asquith
17%
Battle of Heligoland Bight
16%
Kerensky Offensive
16%
Mehmed V
16%
Treaty of Sèvres
16%
Eupen-Malmedy
15%
Mark I
15%
Battle of Cambrai
14%
Enver Pasha
14%
Hundred Days Offensive
14%
Siege of Kut
14%
Luigi Cadorna
13%
Battle of Arras
12%
Battle of Vimy Ridge
12%
Battle of Vittorio Veneto
12%
John French
12%
Alexander Kolchak
11%
Franz Conrad von Hötzendorf
11%
Robert Nivelle
11%
Vilno-Dvinsk Offensive
11%
Alvin York
10%
Battle of Galicia
10%
Caroline Islands / Palau / Mariana Islands
10%
Sopwith Camel
10%
Battle of Charleroi
9%
Erich von Falkenhayn
9%
Battle of Cer
8%
Battle of Megiddo
8%
Landing at Anzac Cove
8%
Meuse–Argonne offensive
8%
Rupprecht
8%
SMS Emden
8%
Vickers Gun
8%
Armando Diaz
7%
Battle of Mărăști
6%
Battle of Rafa
6%
Battle of Saint-Mihiel
6%
Edmund Allenby
6%
Landing at Cape Helles
6%
Stepa Stepanović
6%
Vardar Offensive
6%
Battle of Bita Paka
5%
Battle of Flers–Courcelette
5%
Battle of Loos
5%
Bouvet
5%
Hermann Detzner
5%
HMS Agincourt
5%
John Jellicoe
5%
Second Battle of Artois
5%
Second Battle of the Piave River
5%
SMS Szent István
5%
Svetozar Boroević
5%
Anton Denikin
4%
Battle of Kosturino
4%
Michel-Joseph Maunoury
4%
Siege of Maubeuge
4%
Arthur Arz von Straußenburg
3%
Werner Voss
3%
No matching quizzes found
Score Distribution
Percent of People with Each Score
Percentile by Number Answered
Your Score History
You have not taken this quiz